[Event "Sydney op-A"]
[Site "Parramatta"]
[Date "2013.04.03"]
[Round "1"]
[White "Vajda, Levente"]
[Black "Wei, Michael"]
[Result "1-0"]
[WhiteElo "2632"]
[BlackElo "2104"]
[PlyCount "41"]
[EventDate "2013.04.03"]
[EventType "swiss"]
[EventRounds "9"]
[EventCountry "AUS"]
[SourceTitle "CBM 153 Extra"]
[Source "ChessBase"]
[SourceDate "2013.04.22"]
[SourceVersion "1"]
[SourceVersionDate "2013.04.22"]
[SourceQuality "1"]

1. e4 e6 2. d4 d5 3. Nd2 Nf6 4. e5 Nfd7 5. c4 dxc4 6. Nxc4 Nb6 7. Nxb6 axb6 8. Nf3 Be7 9. Bd3 c5 10. 0-0 Nc6 11. Qe2 Nxd4 12. Nxd4 cxd4 13. Qg4 g6 14. Bh6 Bf8 15. Qf4 Bd7 16. Rfd1 Bc6 17. Bxf8 Kxf8 18. Bc4 Kg7 19. Rxd4 Qe7 20. Rad1 Rhd8 21. Qf6+ 1-0

[Event "Doeberl Cup Premier 51st"]
[Site "Canberra"]
[Date "2013.03.31"]
[Round "7"]
[White "Bishop, Joshua"]
[Black "Wei, Michael"]
[Result "1/2-1/2"]
[WhiteElo "1861"]
[BlackElo "2104"]
[PlyCount "51"]
[EventDate "2013.03.28"]
[EventType "swiss"]
[EventRounds "9"]
[EventCountry "AUS"]
[SourceTitle "EXT 2023"]
[Source "ChessBase"]
[SourceDate "2022.10.05"]
[SourceVersion "1"]
[SourceVersionDate "2022.10.05"]
[SourceQuality "1"]

1. e4 e6 2. d4 a6 3. Nf3 b5 4. Bd3 Bb7 5. 0-0 Nf6 6. e5 Nd5 7. c3 Be7 8. Bc2 d6 9. Nbd2 Nd7 10. Re1 c5 11. Ne4 dxe5 12. dxe5 h6 13. Ng3 Qc7 14. Qe2 c4 15. Bd2 N7b6 16. Nh5 g6 17. Nf4 Nxf4 18. Bxf4 Nd5 19. Bd2 Qb6 20. a4 Bc5 21. axb5 axb5 22. Rxa8+ Bxa8 23. Ra1 Bb7 24. b3 cxb3 25. Bxb3 Kf8 26. c4 1/2-1/2

[Event "Doeberl Cup Premier 51st"]
[Site "Canberra"]
[Date "2013.03.31"]
[Round "8"]
[White "Wei, Michael"]
[Black "Watson, James"]
[Result "1/2-1/2"]
[WhiteElo "2104"]
[BlackElo "2111"]
[PlyCount "26"]
[EventDate "2013.03.28"]
[EventType "swiss"]
[EventRounds "9"]
[EventCountry "AUS"]
[SourceTitle "EXT 2023"]
[Source "ChessBase"]
[SourceDate "2022.10.05"]
[SourceVersion "1"]
[SourceVersionDate "2022.10.05"]
[SourceQuality "1"]

1. c4 c5 2. Nc3 Nf6 3. g3 Nc6 4. Bg2 g6 5. Nf3 Bg7 6. 0-0 0-0 7. d3 d6 8. e4 e5 9. a3 Be6 10. Nd5 Qd7 11. Ng5 Bxd5 12. cxd5 Nd4 13. Nf3 Nxf3+ 1/2-1/2

[Event "Australian op"]
[Site "Cammeray"]
[Date "2013.01.08"]
[Round "7"]
[White "Setiabudi, Megan"]
[Black "Wei, Michael"]
[Result "0-1"]
[WhiteElo "1809"]
[BlackElo "2107"]
[PlyCount "114"]
[EventDate "2013.01.02"]
[EventType "swiss"]
[EventRounds "11"]
[EventCountry "AUS"]
[SourceTitle "CBM 152 Extra"]
[Source "ChessBase"]
[SourceDate "2013.02.25"]
[SourceVersion "1"]
[SourceVersionDate "2013.02.25"]
[SourceQuality "1"]

1. e4 c5 2. Nc3 e6 3. f4 Nc6 4. Nf3 Nge7 5. Be2 d5 6. d3 g6 7. 0-0 Bg7 8. Qe1 0-0 9. Qh4 d4 10. Nb1 f5 11. Nbd2 a6 12. Nc4 b5 13. Nce5 Qc7 14. Nxc6 Nxc6 15. a3 fxe4 16. dxe4 c4 17. e5 Qa7 18. Kh1 h6 19. Qg3 Ne7 20. Nh4 Kh7 21. Bd2 Bb7 22. Bb4 Be4 23. Bf3 Bxc2 24. Bxa8 Rxa8 25. Bxe7 Qxe7 26. Nf3 Qd7 27. Qf2 d3 28. Qd2 Bf8 29. Ne1 Bb3 30. Rf3 Rd8 31. Rg3 a5 32. Nf3 Be7 33. Rh3 Bf8 34. Rg3 Bc5 35. Rh3 Be3 36. Ng5+ Kg8 37. Rxe3 hxg5 38. Rg3 Qd4 39. Rxg5 Kf7 40. h3 b4 41. Qe1 d2 42. Qh4 d1Q+ 43. Rxd1 Qxd1+ 44. Kh2 Rg8 45. Rf5+ exf5 46. Qf6+ Ke8 47. Qe6+ Kd8 48. Qxg8+ Kc7 49. Qxg6 c3 50. bxc3 bxc3 51. Qa6 c2 52. Qxa5+ Kc6 53. Qa6+ Kc5 54. Qa5+ Kd4 55. Qb4+ Bc4 56. Qd6+ Ke3 57. Qc5+ Qd4 0-1

[Event "Australian op"]
[Site "Cammeray"]
[Date "2013.01.06"]
[Round "5"]
[White "Wei, Michael"]
[Black "Tan, Justin Hy"]
[Result "1/2-1/2"]
[WhiteElo "2107"]
[BlackElo "2239"]
[PlyCount "75"]
[EventDate "2013.01.02"]
[EventType "swiss"]
[EventRounds "11"]
[EventCountry "AUS"]
[SourceTitle "CBM 152 Extra"]
[Source "ChessBase"]
[SourceDate "2013.02.25"]
[SourceVersion "1"]
[SourceVersionDate "2013.02.25"]
[SourceQuality "1"]

1. d4 d5 2. Nf3 Nf6 3. c4 c6 4. Nc3 e6 5. g3 dxc4 6. Bg2 Nbd7 7. 0-0 Bb4 8. Qc2 0-0 9. e4 h6 10. e5 Nd5 11. Ne4 b5 12. b3 N7b6 13. bxc4 Nxc4 14. Nfd2 Ba6 15. Nxc4 bxc4 16. Rd1 Qc7 17. Bf1 c5 18. a3 cxd4 19. axb4 d3 20. Qa4 Bb7 21. Qa3 Qxe5 22. Bg2 Bc6 23. Bb2 Qh5 24. Nd6 c3 25. Bxc3 Nxc3 26. Bxc6 Nxd1 27. Bxa8 Qe2 28. Qxa7 d2 29. Kg2 Ne3+ 30. Qxe3 d1Q 31. Rxd1 Qxd1 32. Nxf7 Kxf7 33. Qa7+ Kg8 34. Be4 Qe2 35. Bc6 e5 36. b5 Qd2 37. Qc5 Qd4 38. Bd5+ 1/2-1/2

[Event "Doeberl Cup Premier 50th"]
[Site "Canberra"]
[Date "2012.04.08"]
[Round "8"]
[White "Pan, Andrew"]
[Black "Wei, Michael"]
[Result "1/2-1/2"]
[WhiteElo "2032"]
[BlackElo "2130"]
[PlyCount "56"]
[EventDate "2012.04.05"]
[EventType "swiss"]
[EventRounds "9"]
[EventCountry "AUS"]
[SourceTitle "EXT 2023"]
[Source "ChessBase"]
[SourceDate "2022.10.05"]
[SourceVersion "1"]
[SourceVersionDate "2022.10.05"]
[SourceQuality "1"]

1. d4 Nf6 2. c4 c6 3. Nc3 d5 4. cxd5 cxd5 5. Nf3 Nc6 6. Bf4 a6 7. Rc1 e6 8. e3 Be7 9. Bd3 0-0 10. 0-0 Nh5 11. Be5 f6 12. Bg3 Nxg3 13. hxg3 f5 14. a3 Bd6 15. Na4 g5 16. Nd2 g4 17. Re1 Nb8 18. Nf1 Nd7 19. f3 gxf3 20. gxf3 Qg5 21. Rc2 Kh8 22. Rg2 b5 23. Nc3 Nf6 24. Ne2 Ra7 25. Nf4 Rg7 26. Bb1 Nh5 27. Nxh5 Qxh5 28. f4 Qxd1 1/2-1/2

[Event "Doeberl Cup Premier 50th"]
[Site "Canberra"]
[Date "2012.04.07"]
[Round "5"]
[White "Wei, Michael"]
[Black "Louie, Ryan"]
[Result "0-1"]
[WhiteElo "2130"]
[BlackElo "1759"]
[PlyCount "106"]
[EventDate "2012.04.05"]
[EventType "swiss"]
[EventRounds "9"]
[EventCountry "AUS"]
[SourceTitle "EXT 2023"]
[Source "ChessBase"]
[SourceDate "2022.10.05"]
[SourceVersion "1"]
[SourceVersionDate "2022.10.05"]
[SourceQuality "1"]

1. d4 Nf6 2. Nf3 e6 3. e3 d5 4. Bd3 c5 5. b3 Nc6 6. Bb2 b6 7. 0-0 Bb7 8. a3 Be7 9. Ne5 0-0 10. f4 Ne4 11. f5 Nxe5 12. dxe5 Bg5 13. Qe2 exf5 14. Rxf5 g6 15. Rf1 Qe7 16. c4 Rad8 17. Nc3 Nxc3 18. Bxc3 Rfe8 19. cxd5 Bxd5 20. Bc2 Bh6 21. e4 Be6 22. h3 Qg5 23. Rf3 Bg7 24. Raf1 Bxe5 25. Be1 Re7 26. Kh1 Red7 27. Re3 Bf4 28. Rxf4 Qxf4 29. Bc3 Rd4 30. Qe1 Qe5 31. Kg1 Bc8 32. Qh4 Re8 33. Re1 Bb7 34. Qf2 Qd6 35. b4 Re6 36. Rf1 Re7 37. bxc5 bxc5 38. Bb3 Qd7 39. e5 Bd5 40. Bxd4 cxd4 41. Bxd5 Qxd5 42. Rd1 d3 43. Qe3 Rxe5 44. Qxa7 Re2 45. Qb8+ Kg7 46. Qg3 d2 47. Kh2 Qc4 48. Qf3 Qc7+ 49. Kg1 Re1+ 50. Kf2 Qc5+ 51. Kg3 Qe5+ 52. Kf2 Qd4+ 53. Kg3 Re3 0-1

[Event "Doeberl Cup 50th"]
[Site "Canberra"]
[Date "2012.04.05"]
[Round "2"]
[White "Wei, Michael"]
[Black "Champion, Patrick"]
[Result "1/2-1/2"]
[WhiteElo "2130"]
[BlackElo "1962"]
[PlyCount "94"]
[EventDate "2012.04.05"]
[EventType "swiss"]
[EventRounds "9"]
[EventCountry "AUS"]
[SourceTitle "CBM 147 Extra"]
[Source "ChessBase"]
[SourceDate "2012.04.24"]
[SourceVersion "1"]
[SourceVersionDate "2012.04.24"]
[SourceQuality "1"]

1. e4 e5 2. Nf3 Nc6 3. d4 exd4 4. Nxd4 Nf6 5. Nxc6 bxc6 6. e5 Qe7 7. Qe2 Nd5 8. c4 Nb6 9. Nc3 g6 10. f4 Bg7 11. Bd2 0-0 12. 0-0-0 a5 13. Qf2 Ba6 14. Be3 Rfb8 15. Bc5 Qe6 16. b3 Nc8 17. Ne4 a4 18. Ng5 Qe8 19. b4 h6 20. Ne4 d6 21. Bd4 Rxb4 22. Bc3 Rbb8 23. Qh4 Nb6 24. Re1 Qf8 25. Nf6+ Bxf6 26. exf6 Nxc4 27. Bxc4 Bxc4 28. f5 d5 29. Re7 Bd3 30. fxg6 Bxg6 31. Kd2 c5 32. Be5 Rb4 33. Qg3 h5 34. Rf1 d4 35. Rf5 Rb2+ 36. Kc1 Rab8 37. Qg5 Rb1+ 38. Kd2 R8b2+ 39. Kd3 Rd1+ 40. Kc4 Rc2+ 41. Kb5 Rb1+ 42. Kc6 Qa8+ 43. Kd7 Qd5+ 44. Kc8 Kh7 45. Re8 Qa8+ 46. Kd7 Qd5+ 47. Kc8 Qa8+ 1/2-1/2

[Event "AUS-ch"]
[Site "Parramatta"]
[Date "2008.01.10"]
[Round "10"]
[White "Stojic, Dusan"]
[Black "Wei, Michael"]
[Result "1/2-1/2"]
[WhiteElo "2155"]
[BlackElo "2139"]
[PlyCount "150"]
[EventDate "2008.01.02"]
[EventType "swiss"]
[EventRounds "11"]
[EventCountry "AUS"]
[SourceTitle "CBM 122 Extra"]
[Source "ChessBase"]
[SourceDate "2008.03.04"]
[SourceVersion "1"]
[SourceVersionDate "2008.03.04"]
[SourceQuality "1"]

1. e4 c5 2. Nf3 Nc6 3. d4 cxd4 4. Nxd4 Nf6 5. Nc3 e5 6. Ndb5 d6 7. Bg5 a6 8. Na3 b5 9. Nd5 Be7 10. Bxf6 Bxf6 11. c3 Bg5 12. Nc2 0-0 13. a4 bxa4 14. Rxa4 a5 15. Bc4 Bd7 16. Ra2 Ne7 17. h4 Bh6 18. Nce3 Bxe3 19. Nxe3 Bc6 20. Qd3 Kh8 21. 0-0 f5 22. exf5 e4 23. Qd4 Nxf5 24. Nxf5 Rxf5 25. g3 Qe7 26. b4 Re5 27. Re1 a4 28. Rd2 d5 29. Ba2 Re8 30. Qe3 Qb7 31. Red1 h6 32. Rb1 Qb5 33. Rd4 Rf5 34. c4 dxc4 35. Bxc4 Qb8 36. Be2 Bb5 37. Bxb5 Rxb5 38. Rxe4 Rxe4 39. Qxe4 a3 40. Qc4 Qb7 41. Re1 Qd7 42. Qb3 a2 43. Qxa2 Rxb4 44. Qa8+ Kh7 45. Qf8 Rb7 46. Re8 Qd5 47. Re1 Rf7 48. Qe8 Qf5 49. Qe3 Rf8 50. Qd4 Rf7 51. Re5 Qb1+ 52. Kg2 Qb7+ 53. Kh2 Qf3 54. Kg1 Rb7 55. Re1 Rf7 56. Qe4+ Qxe4 57. Rxe4 h5 58. Kf1 g6 59. Ke2 Kg7 60. Ke3 Ra7 61. Re5 Ra4 62. Re7+ Kf6 63. Re4 Ra3+ 64. Kf4 Ra5 65. f3 Rf5+ 66. Ke3 Ra5 67. Re8 Ra3+ 68. Kf4 Ra4+ 69. Re4 Ra5 70. Rc4 Rf5+ 71. Ke4 Re5+ 72. Kd3 Re1 73. g4 hxg4 74. Rxg4 Kf5 75. Re4 Rf1 1/2-1/2

[Event "AUS-ch"]
[Site "Parramatta"]
[Date "2008.01.08"]
[Round "8"]
[White "Capilitan, Romeo"]
[Black "Wei, Michael"]
[Result "0-1"]
[WhiteElo "2134"]
[BlackElo "2139"]
[PlyCount "102"]
[EventDate "2008.01.02"]
[EventType "swiss"]
[EventRounds "11"]
[EventCountry "AUS"]
[SourceTitle "CBM 122 Extra"]
[Source "ChessBase"]
[SourceDate "2008.03.04"]
[SourceVersion "1"]
[SourceVersionDate "2008.03.04"]
[SourceQuality "1"]

1. e4 c5 2. Nf3 Nc6 3. Nc3 e6 4. Be2 g6 5. d4 cxd4 6. Nxd4 a6 7. Nxc6 dxc6 8. Qxd8+ Kxd8 9. Bg5+ f6 10. 0-0-0+ Kc7 11. Bf4+ e5 12. Be3 Bh6 13. Rd3 Be6 14. b3 Bxe3+ 15. Rxe3 Ne7 16. Rd1 Rad8 17. Red3 Rxd3 18. Rxd3 b5 19. Rd2 Nc8 20. a3 Nd6 21. f3 g5 22. a4 h5 23. Kb2 Nf7 24. axb5 axb5 25. Na2 g4 26. Nb4 Ng5 27. Nd3 gxf3 28. Bxf3 h4 29. Nc5 Bc8 30. Rd3 f5 31. exf5 Bxf5 32. Re3 e4 33. Be2 Kd6 34. b4 Ke5 35. Rc3 Rh6 36. Nb3 Rd6 37. g3 hxg3 38. hxg3 Ne6 39. Bh5 Nd4 40. Rc5+ Rd5 41. Nxd4 Kxd4 42. Rxd5+ cxd5 43. g4 Be6 44. g5 Kc4 45. c3 d4 46. Be2+ d3 47. Bd1 Kd5 48. Kc1 e3 49. Bb3+ Kd6 50. Bxe6 Kxe6 51. g6 Kf6 0-1

[Event "AUS-ch"]
[Site "Parramatta"]
[Date "2008.01.05"]
[Round "6"]
[White "Wei, Michael"]
[Black "Hacche, David"]
[Result "1/2-1/2"]
[WhiteElo "2139"]
[BlackElo "2182"]
[PlyCount "73"]
[EventDate "2008.01.02"]
[EventType "swiss"]
[EventRounds "11"]
[EventCountry "AUS"]
[SourceTitle "CBM 122 Extra"]
[Source "ChessBase"]
[SourceDate "2008.03.04"]
[SourceVersion "1"]
[SourceVersionDate "2008.03.04"]
[SourceQuality "1"]

1. e4 g6 2. d4 Bg7 3. Nc3 d6 4. Be3 a6 5. a4 Nd7 6. Qd2 b6 7. Nf3 h6 8. Bd3 Bb7 9. 0-0 e6 10. h3 Ne7 11. Rad1 d5 12. exd5 Bxd5 13. Qe2 Bb7 14. Bf4 0-0 15. Ne5 Nf6 16. Ng4 Nxg4 17. Qxg4 Nf5 18. Be5 h5 19. Qe2 Bh6 20. d5 Qe7 21. Rfe1 Rfe8 22. g4 hxg4 23. Qxg4 Bg7 24. Bxg7 Nxg7 25. dxe6 Nxe6 26. Bc4 Qf6 27. Bxe6 Rxe6 28. Rxe6 fxe6 29. Ne4 Qf5 30. Ng5 Qxg4+ 31. hxg4 Bd5 32. Kh2 b5 33. a5 Kg7 34. Kg3 Rh8 35. f3 Kf6 36. Ne4+ Bxe4 37. fxe4 1/2-1/2

[Event "Sydney op"]
[Site "Parramatta"]
[Date "2007.04.14"]
[Round "8"]
[White "Wei, Michael"]
[Black "Uttam, Kumar Saha"]
[Result "1-0"]
[WhiteElo "2148"]
[BlackElo "2016"]
[PlyCount "53"]
[EventDate "2007.04.10"]
[EventType "swiss"]
[EventRounds "9"]
[EventCountry "AUS"]
[SourceTitle "CBM 117 Extra"]
[Source "ChessBase"]
[SourceDate "2007.05.09"]
[SourceVersion "1"]
[SourceVersionDate "2007.05.09"]
[SourceQuality "1"]

1. e4 e5 2. Nf3 Nf6 3. d4 exd4 4. e5 Qe7 5. Be2 Ne4 6. 0-0 Nc6 7. Nxd4 Nxd4 8. Qxd4 Qb4 9. Bc4 d5 10. Qxd5 Be6 11. Bb5+ Ke7 12. Qxb7 Rc8 13. b3 Qd4 14. Ba3+ Kd8 15. c3 Qxe5 16. Re1 f5 17. Bxf8 Rxf8 18. Nd2 Bd5 19. Bc6 Bxc6 20. Qxc6 Rf6 21. Qc4 Rh6 22. Nf3 Qxc3 23. Qg8+ Kd7 24. Qf7+ Kd8 25. Qxf5 Nd6 26. Qf8+ Kd7 27. Qe7+ 1-0

[Event "AUS-ch U18"]
[Site "Canberra"]
[Date "2007.01.20"]
[Round "6"]
[White "Wei, Michael"]
[Black "Wallis, Christopher"]
[Result "1-0"]
[WhiteElo "2120"]
[BlackElo "2127"]
[PlyCount "95"]
[EventDate "2007.01.14"]
[EventType "swiss"]
[EventRounds "11"]
[EventCountry "AUS"]
[SourceTitle "EXT 2008"]
[Source "ChessBase"]
[SourceDate "2007.11.25"]
[SourceVersion "1"]
[SourceVersionDate "2007.11.25"]
[SourceQuality "1"]

1. Nf3 d5 2. g3 Bg4 3. Bg2 Nd7 4. c4 e6 5. d4 c6 6. 0-0 Ngf6 7. b3 Be7 8. Bb2 0-0 9. Nbd2 a5 10. a3 Qc7 11. Re1 Rfd8 12. Qc2 Bf5 13. Qc3 Ne4 14. Nxe4 Bxe4 15. Nd2 Bxg2 16. Kxg2 Bf6 17. Qc2 dxc4 18. Nxc4 c5 19. dxc5 Qxc5 20. Rec1 Rac8 21. Qe4 Bxb2 22. Nxb2 Qb5 23. Qd3 Qxd3 24. Nxd3 Kf8 25. f4 Ke7 26. Kf3 Nb8 27. Ke3 f6 28. b4 Nc6 29. Rab1 axb4 30. axb4 Nd4 31. g4 Nb5 32. Ra1 Ra8 33. Rxa8 Rxa8 34. Rc5 Nd6 35. Rc7+ Kf8 36. Nc5 Ra3+ 37. Kf2 e5 38. Ne6+ Ke8 39. Nxg7+ Kd8 40. Ne6+ Ke8 41. fxe5 Ne4+ 42. Kg2 fxe5 43. Rxh7 Nf6 44. Rg7 Re3 45. g5 Nh5 46. Rh7 Rxe2+ 47. Kf3 Rxh2 48. Rxh5 1-0

[Event "AUS-ch U18"]
[Site "Canberra"]
[Date "2007.01.18"]
[Round "4"]
[White "Van Dijk, Devrim"]
[Black "Wei, Michael"]
[Result "0-1"]
[WhiteElo "1750"]
[BlackElo "2120"]
[PlyCount "62"]
[EventDate "2007.01.14"]
[EventType "swiss"]
[EventRounds "11"]
[EventCountry "AUS"]
[SourceTitle "EXT 2008"]
[Source "ChessBase"]
[SourceDate "2007.11.25"]
[SourceVersion "1"]
[SourceVersionDate "2007.11.25"]
[SourceQuality "1"]

1. e4 c5 2. Nf3 Nc6 3. Bb5 Na5 4. c3 a6 5. Ba4 Nf6 6. e5 Nd5 7. 0-0 e6 8. d4 cxd4 9. cxd4 Be7 10. Nc3 Nxc3 11. bxc3 b5 12. Bc2 Bb7 13. Nd2 Rc8 14. Qg4 g6 15. Ne4 Bxe4 16. Bxe4 d5 17. exd6 Bxd6 18. Bg5 Be7 19. Bxe7 Qxe7 20. Qf3 0-0 21. a4 Nb3 22. Ra2 b4 23. Rb1 Rxc3 24. Qd1 Rfc8 25. Rc2 Rxc2 26. Bxc2 Nxd4 27. Bxg6 hxg6 28. Qxd4 Qc5 29. Qd1 a5 30. g3 Qc2 31. Qxc2 Rxc2 0-1

[Event "Australian op"]
[Site "Tuggeranong"]
[Date "2006.12.30"]
[Round "3"]
[White "Wei, Michael"]
[Black "Lilly, Richard"]
[Result "1-0"]
[WhiteElo "2117"]
[BlackElo "1958"]
[PlyCount "125"]
[EventDate "2006.12.28"]
[EventType "swiss"]
[EventRounds "11"]
[EventCountry "AUS"]
[SourceTitle "CBM 116 Extra"]
[Source "ChessBase"]
[SourceDate "2007.03.07"]
[SourceVersion "1"]
[SourceVersionDate "2007.03.07"]
[SourceQuality "1"]

1. e4 e6 2. d4 d5 3. Nc3 Bb4 4. e5 c5 5. a3 cxd4 6. axb4 dxc3 7. Nf3 Qc7 8. bxc3 Ne7 9. Bd3 Nd7 10. 0-0 Nxe5 11. Nxe5 Qxe5 12. Bd2 0-0 13. f4 Qc7 14. Rf3 e5 15. Rf1 e4 16. Be2 Bd7 17. Qe1 Nf5 18. Bg4 a6 19. Bxf5 Bxf5 20. Be3 Rac8 21. Bc5 Rfe8 22. Qe3 Qc6 23. h3 h5 24. Rfd1 Red8 25. Rd2 Rd7 26. Ra3 Qg6 27. Rd1 Rc6 28. Kh2 h4 29. Bd4 Qh5 30. Rda1 Rg6 31. b5 Rg3 32. Qf2 e3 33. Bxe3 Re7 34. c4 dxc4 35. bxa6 bxa6 36. Re1 Be4 37. Rg1 Bb7 38. Qd2 Qd5 39. Qxd5 Bxd5 40. Bc5 Re2 41. Rxg3 hxg3+ 42. Kxg3 Rxc2 43. f5 f6 44. Rd1 Rxg2+ 45. Kf4 Bf7 46. Rd8+ Kh7 47. Rd7 Bh5 48. Bd4 Rd2 49. Ke4 Rd3 50. Kd5 Be8 51. Rc7 Bb5 52. Ke4 Rxh3 53. Bxf6 Rg3 54. Be5 Rg1 55. f6 Be8 56. fxg7 Re1+ 57. Kf5 Rf1+ 58. Ke6 Bg6 59. Rb7 Rf3 60. g8Q+ Kxg8 61. Rg7+ Kf8 62. Rxg6 Re3 63. Rh6 1-0

[Event "Doeberl Cup 44th"]
[Site "Canberra"]
[Date "2006.04.16"]
[Round "6"]
[White "Wei, Michael"]
[Black "Halpin, Patrick"]
[Result "1-0"]
[WhiteElo "2104"]
[BlackElo "2244"]
[PlyCount "77"]
[EventDate "2006.04.14"]
[EventType "swiss"]
[EventRounds "7"]
[EventCountry "AUS"]
[SourceTitle "CBM 111 Extra"]
[Source "ChessBase"]
[SourceDate "2006.05.09"]
[SourceVersion "1"]
[SourceVersionDate "2006.05.09"]
[SourceQuality "1"]

1. e4 Nc6 2. Nf3 d5 3. exd5 Qxd5 4. Nc3 Qa5 5. d4 Bg4 6. Bb5 0-0-0 7. Bxc6 bxc6 8. Be3 Qf5 9. Qe2 Bxf3 10. gxf3 Nf6 11. Qa6+ Kd7 12. 0-0-0 e6 13. Rhg1 Nd5 14. Ne4 g6 15. Nc5+ Bxc5 16. dxc5 Ke7 17. Qxc6 Qxc2+ 18. Kxc2 Nb4+ 19. Kc3 Nxc6 20. b4 Rb8 21. Rb1 a6 22. a4 Rhd8 23. b5 axb5 24. axb5 Ne5 25. f4 Nd7 26. Rgd1 Nf6 27. Rxd8 Kxd8 28. Kc4 Nd5 29. Ra1 h5 30. Ra7 Kd7 31. c6+ Kd8 32. Bd2 Rc8 33. Kc5 Rb8 34. Ba5 Kc8 35. h4 f6 36. f3 Kd8 37. Rb7 Ra8 38. Bxc7+ Nxc7 39. Kd6 1-0

[Event "Doeberl Cup 44th"]
[Site "Canberra"]
[Date "2006.04.15"]
[Round "4"]
[White "Wei, Michael"]
[Black "Skiotis, Pano"]
[Result "1-0"]
[WhiteElo "2104"]
[BlackElo "2045"]
[PlyCount "85"]
[EventDate "2006.04.14"]
[EventType "swiss"]
[EventRounds "7"]
[EventCountry "AUS"]
[SourceTitle "CBM 111 Extra"]
[Source "ChessBase"]
[SourceDate "2006.05.09"]
[SourceVersion "1"]
[SourceVersionDate "2006.05.09"]
[SourceQuality "1"]

1. e4 c5 2. Nc3 Nc6 3. Nf3 d6 4. d4 cxd4 5. Nxd4 e5 6. Ndb5 a6 7. Na3 b5 8. Nd5 Nf6 9. Bg5 Qa5+ 10. Bd2 Qd8 11. Bg5 Qa5+ 12. Bd2 Qd8 13. Bd3 Nxd5 14. exd5 Ne7 15. c4 g6 16. cxb5 Bg7 17. Bc3 0-0 18. Bc4 Nf5 19. 0-0 Qg5 20. Qd2 Qh4 21. Rfe1 axb5 22. g3 Qd8 23. Nxb5 h5 24. a4 Bh6 25. Qd1 Qg5 26. Kh1 h4 27. Bf1 hxg3 28. hxg3 Kg7 29. Nxd6 Qd8 30. Nxf5+ Bxf5 31. Rxe5 f6 32. Re1 Rh8 33. Kg1 Kf7 34. Qd4 Bf8 35. Bg2 Rc8 36. b4 Bd6 37. Rac1 Be5 38. Rxe5 fxe5 39. Qxe5 Rh7 40. d6 Qg5 41. Re1 Kf8 42. d7 Rd8 43. Qe8+ 1-0

[Event "Belconnen op"]
[Site "Belconnen"]
[Date "2005.07.29"]
[Round "4"]
[White "Mccoy, Tom"]
[Black "Wei, Michael"]
[Result "0-1"]
[WhiteElo "1664"]
[BlackElo "2035"]
[PlyCount "56"]
[EventDate "2005.07.08"]
[EventType "swiss"]
[EventRounds "11"]
[EventCountry "AUS"]
[SourceTitle "EXT 2010"]
[Source "ChessBase"]
[SourceDate "2010.11.25"]
[SourceVersion "1"]
[SourceVersionDate "2010.11.25"]
[SourceQuality "1"]

1. d4 Nf6 2. Nf3 d5 3. c4 e6 4. e3 c6 5. Nc3 Nbd7 6. Bd3 dxc4 7. Bxc4 b5 8. Bb3 a6 9. 0-0 Bb7 10. e4 c5 11. d5 c4 12. dxe6 fxe6 13. Bc2 Qc7 14. Qe2 0-0-0 15. Ng5 Nc5 16. f4 h6 17. Nf3 Nd3 18. e5 Bc5+ 19. Kh1 Ng4 20. h3 Ndf2+ 21. Rxf2 Nxf2+ 22. Kh2 Rhf8 23. a4 b4 24. Qxc4 bxc3 25. Qxe6+ Kb8 26. bxc3 Qc6 27. Qc4 Ng4+ 28. Kh1 Qxf3 0-1